Vista normal Vista MARC

Entrada Materia (personas)

Número de registros utilizados en: 2

001 - CONTROL NUMBER

  • control field: 170873

003 - CONTROL NUMBER IDENTIFIER

  • control field: Co-BoUCM

005 - DATE AND TIME OF LATEST TRANSACTION

  • control field: 20211112083418.0

008 - FIXED-LENGTH DATA ELEMENTS

  • fixed length control field: 211112|| aca||aabn | a|a d

040 ## - CATALOGING SOURCE

  • Original cataloging agency: Co-BoUCM
  • Transcribing agency: Co-BoUCM

100 ## - HEADING--PERSONAL NAME

  • Personal name: Munthe, Axel
  • Dates associated with a name: 1857-1949

670 ## - SOURCE DATA FOUND

  • Source citation: Work cat.: (Co-BoUCM)85591: Munthe, Axel 1857-1949, Lo que no dije en el "San Michele", 1940